=LDR 00000nam 2200000 4500 =001 INLIS000000000023223 =005 20130612121912 =008 ***********************************Ind** =035 ##$$0010-061300000023223 =041 ##$$a Ind =082 ##$$a 541.367 6 =090 ##$$a 541.367 6, Bir-k =100 ##$$a Bird, Tony =245 ##$$a Kimia Fisik untuk Universitas, Tony Bird; Alih bahasa, Kwee Ie Tjien =260 ##$$a 1997 $b Jakarta =300 ##$$a 360 hlm., 24 cm =650 ##$$a Kimia Fisis =850 ##$$a NBPNMAT